000 00581nam a2200181 4500
001 109782
003 ES-MaACL
007 t|
008 061121s1985 sp r ||||1| spa d
245 0 3 _aLa modernización de España
_b: 1830-1930 /
_ccompilación de Nicolás Sánchez-Albornoz.
260 _aMadrid :
_bAlianza,
_c1985.
300 _a343 p. ;
_c20 cm.
490 1 _aAlianza universidad ;
_v431
700 1 _aSánchez-Albornoz, Nicolás,
_d1926-
_9102442
830 0 _aAlianza universidad ;
_v431
_9177276
852 _aES-MaACL
_jL-9691
_bR.111449
999 _c109782
_d109782